000 00372 a2200145 4500
003 Nust
005 20170207154040.0
040 _cNust
100 _aM. Georigiev, Alexandr
245 _aThe Electrolytic Capacitor (E-BOOK)
_cAlexandr M. Georigiev
260 _aMURRAY HILL BOOKS, INC.
_bNEW YORK
_c1945
300 _a205 p
650 _aElectrolytic Capacitor
651 _aE-Book
942 _2ddc
_cBK
999 _c192585
_d192585